000 00349pab a2200145 454500
008 180718b1983 xxu||||| |||| 00| 0 eng d
100 _aSekhar, K. Chandra
245 _aStrategic management
_bIts need and importance
260 _c1983
300 _a3-6
362 _aOct.
650 _aManagement
773 _aIndian Management
909 _a13073
999 _c13073
_d13073